000 00583nam a2200253Ia 4500
005 20260121160635.0
008 008 260114s9999 xx 000 0 eng d
020 _a9781315638225
037 _aEBOOK
040 _aCRL
040 _beng
040 _cCRL
041 _2eng
041 _aeng
084 _qCRL
100 _a Charles B Hersch
_91034448
245 0 _aJews and Jazz
260 _bTaylor and Francis
260 _c2017
856 _uhttp://www.taylorfrancis.com/books/9781315638225
942 _cEBOOK
999 _c1601264
_d1601264